[Event "SVK-chT2B 1314"]
[White "Janco, Darius"]
[Black "Regec, Stanislav"]
[Site "Slovakia"]
[Round "11.6"]
[Result "1/2-1/2"]
[Date "2014.03.16"]
[WhiteElo "2053"]
[BlackElo "2070"]
[PlyCount "37"]
[EventDate "2013.10.19"]
[EventType "team-tourn"]
[EventRounds "11"]
[EventCountry "SVK"]
[SourceTitle "EXT 2015"]
[Source "ChessBase"]
[SourceDate "2014.11.20"]
[SourceVersion "1"]
[SourceVersionDate "2014.11.20"]
[SourceQuality "1"]
[WhiteTeam "Topolcany"]
[BlackTeam "Batorove Kosihy"]
[WhiteTeamCountry "SVK"]
[BlackTeamCountry "SVK"]

1. e4 c5 2. Nc3 d6 3. f4 e6 4. Nf3 Nf6 5. d4 cxd4 6. Nxd4 a6 7. Be3 Be7 8. Qf3 Qc7 9. g4 b5 10. g5 Nfd7 11. a3 Nc6 12. h4 Bb7 13. Bh3 Nxd4 14. Bxd4 0-0 15. f5 exf5 16. Qxf5 Ne5 17. 0-0-0 Bc8 18. Qf2 Be6 19. Rdg1 1/2-1/2

[Event "Banska Bystrica op-B"]
[White "Janco, Darius"]
[Black "Zatko, Gregor"]
[Site "Banska Bystrica"]
[Round "7"]
[Result "0-1"]
[Date "2013.09.15"]
[WhiteElo "2051"]
[BlackElo "2182"]
[PlyCount "52"]
[EventDate "2013.09.13"]
[EventType "swiss (rapid)"]
[EventRounds "9"]
[EventCountry "SVK"]
[SourceTitle "EXT 2014"]
[Source "ChessBase"]
[SourceDate "2013.11.20"]
[SourceVersion "1"]
[SourceVersionDate "2013.11.20"]
[SourceQuality "1"]

1. d4 Nf6 2. c4 e6 3. Nf3 Bb4+ 4. Bd2 Qe7 5. e3 0-0 6. Bd3 Nc6 7. a3 Bxd2+ 8. Nbxd2 d6 9. e4 e5 10. d5 Nb8 11. b4 Bg4 12. Be2 Bxf3 13. Bxf3 a5 14. 0-0 Na6 15. Qb3 axb4 16. axb4 c5 17. bxc5 Nxc5 18. Qb5 Rfb8 19. g3 Qd8 20. Bg2 Ra6 21. Rfb1 Rba8 22. Rxa6 Rxa6 23. f4 Nfd7 24. Bh3 Rb6 25. Bxd7 Rxb5 26. Bxb5 exf4 0-1

[Event "SVK-chT2B 1213"]
[White "Dlhy, Jozef"]
[Black "Janco, Darius"]
[Site "Slovakia"]
[Round "10.3"]
[Result "1/2-1/2"]
[Date "2013.03.16"]
[WhiteElo "2050"]
[BlackElo "2047"]
[PlyCount "46"]
[EventDate "2012.10.13"]
[EventType "team-tourn"]
[EventRounds "11"]
[EventCountry "SVK"]
[SourceTitle "EXT 2015"]
[Source "ChessBase"]
[SourceDate "2014.11.20"]
[SourceVersion "1"]
[SourceVersionDate "2014.11.20"]
[SourceQuality "1"]
[WhiteTeam "Nitra II"]
[BlackTeam "Topolcany"]
[WhiteTeamCountry "SVK"]
[BlackTeamCountry "SVK"]

1. d4 Nf6 2. Nf3 d5 3. Bg5 Ne4 4. Bf4 c6 5. c3 Bf5 6. e3 Nd7 7. Nh4 Bg6 8. Nxg6 hxg6 9. Nd2 Ndf6 10. Bd3 Qb6 11. Rb1 Nxd2 12. Qxd2 e6 13. f3 Nh5 14. Be5 Qd8 15. g4 Qh4+ 16. Qf2 Qxf2+ 17. Kxf2 Nf6 18. c4 Kd7 19. b4 dxc4 20. Bxc4 Bd6 21. e4 Ne8 22. Bg3 Bxg3+ 23. hxg3 Nd6 1/2-1/2